Statistics for Name all of the FIFA 20 EFL TOTSSF

Click here to take the quiz!

General Stats

  • This quiz has been taken 7 times
    (6 since last reset)
  • The average score is 14 of 23

Answer Stats

RatingClubPlayer% Correct
92FulhamAleksandar Mitrovic
100%
83Plymouth ArgyleAlex Palmer
80%
88QPREbereche Eze
80%
87SwindonEoin Doyle
80%
88Peterborough UtdIvan Toney
80%
92LeedsKalvin Phillips
80%
91West BromMatheus Pereira
80%
90BrentfordOllie Watkins
80%
89BrentfordSaid Benrahma
80%
84Doncaster RoversBenjamin Whiteman
60%
84Northampton TownCharlie Goode
60%
83Crewe AlexandraCharlie Kirk
60%
84Coventry CityFankaty Dabo
60%
87ReadingJohn Swift
60%
86FulhamMarek Rodak
60%
86ExeterRandell Williams
60%
87West BromSemi Ajayi
60%
90Leeds UtdBen White
40%
84Oxford UtdJames Henry
40%
85Nottingham ForestMatty Cash
40%
85RotherhamMichael Ihiekwe
40%
85PortsmouthRonan Curtis
40%
85Wycombe WanderersJoe Jacobsen
0%

Score Distribution

Percentile by Number Answered

Percent of People with Each Score

Your Score History

You have not taken this quiz since the last reset